تحميل...
News writing /
| المؤلف الرئيسي: | |
|---|---|
| التنسيق: | Printed Book |
| اللغة: | English |
| منشور في: |
New Delhi :
Sage,
2006.
|
| LEADER | 00524nam a2200157Ia 4500 | ||
|---|---|---|---|
| 008 | 150624b xxu||||| |||| 00| 0 eng d | ||
| 020 | |a 1412919150 | ||
| 020 | |a 1412919150 | ||
| 100 | |a McKane, Anna | ||
| 245 | |a News writing / |c Anna McKane | ||
| 260 | |a New Delhi : |b Sage, |c 2006. | ||
| 300 | |a 196 p. | ||
| 505 | |a 1. Avoiding narrative 2. Accracy 3. The language of news | ||
| 942 | |c BK | ||
| 999 | |c 58409 |d 58409 | ||
| 952 | |0 0 |1 0 |4 0 |6 070_MCK_N |7 0 |9 58387 |a UL |b UL |c ST1 |d 2012-10-27 |l 2 |o 070, MCK/N |p 83980 |r 2021-04-19 |s 2021-03-30 |w 2012-10-27 |y BK | ||